<?xml version="1.0" encoding="UTF-8"?>
<marc:record xmlns:marc="http://www.loc.gov/MARC21/slim">
   <marc:leader>00000nam a2200000 a 4500</marc:leader>
   <marc:datafield ind1="1" ind2=" " tag="100">
      <marc:subfield code="a">Luhn, Usch</marc:subfield>
      <marc:subfield code="4">aut</marc:subfield>
      <marc:subfield code="e">Verfasser/-in</marc:subfield>
   </marc:datafield>
   <marc:datafield ind1=" " ind2=" " tag="653">
      <marc:subfield code="a">Antolin</marc:subfield>
   </marc:datafield>
   <marc:datafield ind1=" " ind2=" " tag="653">
      <marc:subfield code="a">Klasse-4</marc:subfield>
   </marc:datafield>
   <marc:datafield ind1="0" ind2="0" tag="245">
      <marc:subfield code="a">Die zauberhaften Flügel</marc:subfield>
   </marc:datafield>
   <marc:datafield ind1=" " ind2="1" tag="264">
      <marc:subfield code="b">Ravensburger</marc:subfield>
      <marc:subfield code="c">2021</marc:subfield>
   </marc:datafield>
   <marc:datafield ind1="1" ind2=" " tag="490">
      <marc:subfield code="a">Lillys magische Schuhe</marc:subfield>
   </marc:datafield>
   <marc:datafield ind1="1" ind2=" " tag="520">
      <marc:subfield code="a">Diese magischen Schuhe schenken dir Mut, Selbstvertrauen und Stärke. Wenn du Lillys Hilfe brauchst, wirst du ihre geheime Schuhwerkstatt finden ¿Sofia liebt das Klettern - nicht einmal ihre ängstlichen Eltern können sie davon abhalten. Warum also ausgerechnet Sofia ihre Hilfe braucht, ist der magischen Schuhmacherin Lilly zunächst ein Rätsel. Doch plötzlich verliert Sofia ihr ganzes Geschick. Ob das mit dem Staub zu tun hat, den eine merkwürdige Dame mit Frettchen durch die Stadt wirbelt? Jetzt helfen wirklich nur noch magische Schuhe... (Verlagstext)</marc:subfield>
   </marc:datafield>
   <marc:datafield ind1=" " ind2=" " tag="020">
      <marc:subfield code="a">9783473405534</marc:subfield>
      <marc:subfield code="9">9783473405534</marc:subfield>
   </marc:datafield>
</marc:record>
